LDR 00588naa#a2200181#i#450# 001 EN\\bibl\120525 005 20260503145430.7 011 ## _a2500-1825 100 ## _a20260331b2026####ek#y0engy0150####ca 102 ## _aRU 200 1# _aBUREAUCRACY OF THE TELEGRAPH OFFICE OF THE RUSSIAN EMPIRE (1842–1864) _eJournal article 210 1# _aKrasnoyarsk _cKrasnoyarsk State Agrarian University _d2026 215 ## _a11 с. 608 ## _aJournal article _2local 675 ## _aВсеобщая история. 94 _z 700 #1 _aVoronov _gIvan Ivanovich 700 #1 _aPanteleev _gVladimir Ivanovich 856 4# _asej.kgau.ru _u